<?xml version="1.0" encoding="UTF-8"?>
<record
    xmlns:xsi="http://www.w3.org/2001/XMLSchema-instance"
    xsi:schemaLocation="http://www.loc.gov/MARC21/slim http://www.loc.gov/standards/marcxml/schema/MARC21slim.xsd"
    xmlns="http://www.loc.gov/MARC21/slim">

  <leader>01864nam a2200301 i 4500</leader>
  <controlfield tag="003">OSt</controlfield>
  <controlfield tag="005">20240215114957.0</controlfield>
  <controlfield tag="008">240213s2022    si af  gr     000 0aeng d</controlfield>
  <datafield tag="020" ind1=" " ind2=" ">
    <subfield code="a">9789815058802</subfield>
    <subfield code="c">RM95.90</subfield>
    <subfield code="q">hardback</subfield>
  </datafield>
  <datafield tag="040" ind1=" " ind2=" ">
    <subfield code="a">PPAK</subfield>
    <subfield code="b">eng</subfield>
    <subfield code="c">PPAK</subfield>
    <subfield code="e">rda</subfield>
  </datafield>
  <datafield tag="082" ind1="0" ind2="4">
    <subfield code="a">338.04092</subfield>
    <subfield code="2">23</subfield>
  </datafield>
  <datafield tag="090" ind1="0" ind2="0">
    <subfield code="a">338.04092</subfield>
    <subfield code="b">VIV</subfield>
    <subfield code="d">G</subfield>
  </datafield>
  <datafield tag="100" ind1="0" ind2=" ">
    <subfield code="a">Vivy Yusof,</subfield>
    <subfield code="d">1987-</subfield>
    <subfield code="q">(Vivy Sofinas binti Yusof),</subfield>
    <subfield code="e">author.</subfield>
  </datafield>
  <datafield tag="245" ind1="1" ind2="0">
    <subfield code="a">The First Decade : </subfield>
    <subfield code="b">My Journey from Blogger to Entrepreneur /</subfield>
    <subfield code="c">Vivy Yusof</subfield>
  </datafield>
  <datafield tag="264" ind1=" " ind2="1">
    <subfield code="a">Singapore :</subfield>
    <subfield code="b">Penguin Books, an imprint of Penguin Random House, </subfield>
    <subfield code="c">2022</subfield>
  </datafield>
  <datafield tag="300" ind1=" " ind2=" ">
    <subfield code="a">220 pages :</subfield>
    <subfield code="b">16 colour plates, colour photographs ; </subfield>
    <subfield code="c">24 cm</subfield>
  </datafield>
  <datafield tag="336" ind1=" " ind2=" ">
    <subfield code="a">text</subfield>
    <subfield code="2">rdacontent</subfield>
  </datafield>
  <datafield tag="337" ind1=" " ind2=" ">
    <subfield code="a">unmediated</subfield>
    <subfield code="2">rdamedia</subfield>
  </datafield>
  <datafield tag="338" ind1=" " ind2=" ">
    <subfield code="a">volume</subfield>
    <subfield code="2">rdacarrier</subfield>
  </datafield>
  <datafield tag="520" ind1=" " ind2=" ">
    <subfield code="a">"I started a blog. I borrowed USD 16,000. And now, I&#x2019;ve built a multimillion dollar fashion company, garnered 1.8 million followers on Instagram and managed to squeeze in time to get married and give birth to not one, but four children. Perfect for young entrepreneurs, this book shares the secrets of my entrepreneurial journey so far&#x2014;from starting a business with my boyfriend (telling my dad sure was fun), to fundraising, to managing a team of 400 people, to dealing with the good and bad of social media, and to pretending to nod when my tech team talks about cookies. I share my proud wins for you to get inspired by, and my juicy failures for you to eat popcorn to. Always a work in progress, my story is unfinished. But for now, allow me to present to you, The First Decade"--</subfield>
    <subfield code="c">Amazon.com</subfield>
  </datafield>
  <datafield tag="600" ind1="0" ind2=" ">
    <subfield code="a">Vivy Yusof,</subfield>
    <subfield code="q">(Vivy Sofinas binti Yusof).</subfield>
  </datafield>
  <datafield tag="650" ind1="1" ind2="0">
    <subfield code="a">Autobiographies </subfield>
  </datafield>
  <datafield tag="650" ind1="2" ind2="0">
    <subfield code="a">Businesspeople </subfield>
    <subfield code="v">Biography</subfield>
    <subfield code="z">Malaysia</subfield>
  </datafield>
  <datafield tag="650" ind1="2" ind2="0">
    <subfield code="a">Bloggers </subfield>
    <subfield code="z">Malaysia </subfield>
    <subfield code="v">Biography</subfield>
  </datafield>
  <datafield tag="655" ind1=" " ind2="7">
    <subfield code="a">Autobiographies (literary works)</subfield>
  </datafield>
  <datafield tag="655" ind1=" " ind2="7">
    <subfield code="a">Biography</subfield>
  </datafield>
  <datafield tag="942" ind1=" " ind2=" ">
    <subfield code="2">ddc</subfield>
    <subfield code="c">B</subfield>
  </datafield>
  <datafield tag="999" ind1=" " ind2=" ">
    <subfield code="c">195062</subfield>
    <subfield code="d">195062</subfield>
  </datafield>
  <datafield tag="952" ind1=" " ind2=" ">
    <subfield code="0">0</subfield>
    <subfield code="7">0</subfield>
    <subfield code="b">PPAK</subfield>
    <subfield code="c">G</subfield>
    <subfield code="d">2024-02-27</subfield>
    <subfield code="l">12</subfield>
    <subfield code="m">4</subfield>
    <subfield code="o">338.04092 VIV</subfield>
    <subfield code="p">A01817633</subfield>
    <subfield code="r">2026-03-08 10:39:05</subfield>
    <subfield code="s">2026-02-15</subfield>
    <subfield code="y">B</subfield>
  </datafield>
  <datafield tag="952" ind1=" " ind2=" ">
    <subfield code="0">0</subfield>
    <subfield code="7">0</subfield>
    <subfield code="b">SP</subfield>
    <subfield code="c">G</subfield>
    <subfield code="d">2024-02-27</subfield>
    <subfield code="l">2</subfield>
    <subfield code="o">338.04092 VIV</subfield>
    <subfield code="p">A01817634</subfield>
    <subfield code="r">2025-07-14 10:15:40</subfield>
    <subfield code="s">2025-06-28</subfield>
    <subfield code="y">B</subfield>
  </datafield>
  <datafield tag="952" ind1=" " ind2=" ">
    <subfield code="0">0</subfield>
    <subfield code="7">0</subfield>
    <subfield code="b">JT</subfield>
    <subfield code="c">G</subfield>
    <subfield code="d">2024-02-27</subfield>
    <subfield code="l">0</subfield>
    <subfield code="o">338.04092 VIV</subfield>
    <subfield code="p">A01817635</subfield>
    <subfield code="r">2024-02-27 09:56:25</subfield>
    <subfield code="y">B</subfield>
  </datafield>
  <datafield tag="952" ind1=" " ind2=" ">
    <subfield code="0">0</subfield>
    <subfield code="7">0</subfield>
    <subfield code="b">LW</subfield>
    <subfield code="c">G</subfield>
    <subfield code="d">2024-02-27</subfield>
    <subfield code="l">4</subfield>
    <subfield code="m">2</subfield>
    <subfield code="o">338.04092 VIV</subfield>
    <subfield code="p">A01817636</subfield>
    <subfield code="r">2026-02-10 15:26:41</subfield>
    <subfield code="s">2026-01-29</subfield>
    <subfield code="y">B</subfield>
  </datafield>
  <datafield tag="952" ind1=" " ind2=" ">
    <subfield code="0">0</subfield>
    <subfield code="7">0</subfield>
    <subfield code="b">KM</subfield>
    <subfield code="c">G</subfield>
    <subfield code="d">2024-02-27</subfield>
    <subfield code="l">2</subfield>
    <subfield code="o">338.04092 VIV</subfield>
    <subfield code="p">A01817637</subfield>
    <subfield code="r">2025-09-20 17:15:25</subfield>
    <subfield code="s">2025-09-01</subfield>
    <subfield code="y">B</subfield>
  </datafield>
</record>
